LEADER 01031nam0 2200301 450 001 000026097 005 20090619123201.0 100 $a20090619d1969----km-y0itaa50------ba 101 0 $aita 102 $aIT 200 1 $aCorpo d'amore$fNorman O. Brown$gtraduzione di Silvia Giacomoni 210 $aMilano$c<> Saggiatore$d1969 215 $a322 p.$d22 cm 225 2 $aGutenberg & Company 410 0$12001$aGutenberg & Company 606 1 $aPsicanalisi 676 $a150.195$v(21. ed.)$9Psicologia. Sistemi psicanalitici 700 1$aBrown,$bNorman O$0129637 702 1$aGiacomini,$bSilvia 801 0$aIT$bUniversità della Basilicata - B.I.A.$gRICA$2unimarc 912 $a000026097 996 $aCorpo d'amore$989763 997 $aUNIBAS BAS $aLETTERE CAT $aEXT10$b01$c20090619$lBAS01$h1232 CAT $aATR$b40$c20100527$lBAS01$h1008 FMT Z30 -1$lBAS01$LBAS01$mBOOK$1BASA1$APolo Storico-Umanistico$2FMAS$BFondo Masini$3FMas/817/2846$6817/2846$5B817/2846$820090619$f04$FPrestabile Didattica